000 00580nmm a2200193Ia 4500
008 251105s9999||||xx |||||||||||||||||und||
020 _a9788433980304
041 _aspa
100 _aPochtar, Ricardo
245 0 _aEl Gatopardo
264 _a[Madrid, España] :
_bEditorial Anagrama,
_c[Fecha de publicación no identificada]
300 _a0 páginas
490 _aPanorama de narrativas
650 _aOther narratives
700 _aPochtar, Ricardo
700 1 _a Tomasi di Lampedusa, Giuseppe
856 _uhttps://public.digitaliapublishing.com/a/79970
942 _cCF
999 _c70088
_d70088